Gregor and the marks of secret / (Record no. 13509)

MARC details
000 -LEADER
fixed length control field 02451nam a22003617a 4500
005 - DATE AND TIME OF LATEST TRANSACTION
control field 20080806153752.0
008 - FIXED-LENGTH DATA ELEMENTS--GENERAL INFORMATION
fixed length control field 080806t xxu||||| |||| 00| 0 eng d
010 ## - LCCN (DPL NO)
LC control number B-281832-843
020 ## - INTERNATIONAL STANDARD BOOK NUMBER
International Standard Book Number 8176558443
Terms of availability 295.00
035 ## - SYSTEM CONTROL NUMBER
System control number B-281832-843
040 ## - CATALOGING SOURCE
Original cataloging agency DPL
Language of cataloging EN
082 ## - DEWEY DECIMAL CLASSIFICATION NUMBER
Classification number N
100 ## - MAIN ENTRY--PERSONAL NAME
Personal name Collins, Suzanne
245 ## - TITLE STATEMENT
Title Gregor and the marks of secret /
Statement of responsibility, etc by Suzanne collins
260 ## - PUBLICATION, DISTRIBUTION, ETC. (IMPRINT)
Name of publisher, distributor, etc Scholastic Inc.
Date of publication, distribution, etc 2007(repr.).
Place of publication, distribution, etc New York
270 ## - ADDRESS
Address 550 A, Pace City-II, Sector - 37, (Vender)
City Gurgaon
Postal code 122004
Telephone number 2212432
300 ## - PHYSICAL DESCRIPTION
Extent 343p.
Dimensions 20 cm (pbk)
942 ## - ADDED ENTRY ELEMENTS (KOHA)
Item type Children Books
Classification part N
Source of classification or shelving scheme Dewey Decimal Classification
Call number suffix COL
Holdings
Withdrawn status Lost status Damaged status Not for loan Collection code Home library Current library Date acquired Cost, normal purchase price Total Checkouts Total Renewals Full call number Barcode Date last seen Copy number Cost, replacement price Koha item type Public note Source of classification or shelving scheme Source of acquisition Checked out
        Fiction Bagh Kadhe Khan Bagh Kadhe Khan 07/08/2008 295.00 1 1 N COL B-281840 05/03/2022   295.00 Children Books        
        Fiction Bawana Bawana 07/08/2008 295.00     N COL B-281842 15/09/2008   295.00 Children Books        
  Lost and Paid For     Fiction Central Library Central Library 11/06/2008 295.00 2 2 /N COL B-281832 10/09/2019 1 295.00 Children Books RC No. 19/01 dt-25/01/2019      
        Fiction Jor Bagh (Children Lib) Jor Bagh (Children Lib) 07/08/2008 295.00     N COL B-281837 15/09/2008   295.00 Children Books        
        Fiction Karol Bagh Karol Bagh 07/08/2008 295.00     N COL B-281838 15/09/2008   295.00 Children Books        
        Fiction Kasturba Gandhi Marg Kasturba Gandhi Marg 07/08/2008 295.00     N COL B-281834 15/09/2008   295.00 Children Books        
        Fiction Narela Narela 07/08/2008 295.00     N COL B-281841 15/09/2008   295.00 Children Books        
        Fiction New Rohtak Road New Rohtak Road 07/08/2008 295.00     N COL B-281839 15/09/2008   295.00 Children Books        
        Fiction Patel Nagar Patel Nagar 07/08/2008 295.00     N COL B-281833 15/09/2008 1 295.00 Children Books        
        Fiction Peshwa Road Peshwa Road 07/08/2008 295.00     N COL B-281835 15/09/2008   295.00 Children Books        
        Fiction Sarojini Nagar Sarojini Nagar 07/08/2008 295.00     N COL B-281836 15/09/2008   295.00 Children Books        
        Fiction Shahdara Branch Shahdara Branch 07/08/2008 295.00     N COL B-281843 15/09/2008 1 295.00 Children Books        
        Fiction Vinoba Puri Vinoba Puri 18/09/2008 295.00 4   N COL B-285486 25/06/2010 1 295.00 Children Books   Dewey Decimal Classification Scholastic/TR-A-00265/2.9.08/213/21.7.08/11.9.08 09/07/2010

© Delhi Public Library
Hit Counter
free hit counter